000 00326nam a22001337a 4500
008 170620b xxu||||| |||| 00| 0 eng d
020 _a9780043201732
041 _aeng
080 _a32
100 _a20
101 _aSHP
245 _aTOWARD AN ALTERNATIVE FOR CENTRAL AMERICA AND THE CARIBBEAN
_cIRVIN. G
942 _2udc
_cBK
999 _c18308
_d18308